Catálogo público

Estudio de factibilidad técnico-económica para el establecimiento de una planta extractadora y concentradora de gel de sábila (Aloe barbadensis Miller) en Maxcanu, Yucatán / (Record no. 171217)

MARC details
000 -CABECERA
campo de control de longitud fija 04911nam a2200469Ia 4500
001 - NÚMERO DE CONTROL
campo de control dia_668
003 - IDENTIFICADOR DEL NÚMERO DE CONTROL
campo de control CHAP
005 - FECHA Y HORA DE LA ÚLTIMA TRANSACCIÓN
campo de control 20251028141218.0
007 - CAMPO FIJO DE DESCRIPCIÓN FÍSICA--INFORMACIÓN GENERAL
campo de control de longitud fija ta
008 - DATOS DE LONGITUD FIJA--INFORMACIÓN GENERAL
campo de control de longitud fija 220117s1993 mx abdefrm 001 0 spa d
010 ## - NÚMERO DE CONTROL DE LA BIBLIOTECA DEL CONGRESO
Número de control de LC 171217
040 ## - FUENTE DE LA CATALOGACIÓN
Centro/agencia transcriptor CHAP
Centro catalogador/agencia de origen mxchpua
Normas de descripción rda
041 0# - CÓDIGO DE LENGUA
Código de lengua del texto/banda sonora o título independiente spa
Código de lengua del sumario o resumen spa
090 ## - LOCALMENTE ASIGNADO TIPO-LC NÚMERO DE CLASIFICACIÓN (OCLC); NÚMERO DE CLASIFICACIÓN LOCAL (RLIN)
Número de clasificación (OCLC) (R) ; Numero de clasificación, CALL (RLIN) (NR) Tesis
Número cutter local (OCLC) ; Número de libro/Signatura topográfica íntegra, CALL (RLIN) M65
año 1993
100 1# - ENTRADA PRINCIPAL--NOMBRE DE PERSONA
Nombre de persona Molina Pérez, Mario César
245 10 - MENCIÓN DE TÍTULO
Título Estudio de factibilidad técnico-económica para el establecimiento de una planta extractadora y concentradora de gel de sábila (Aloe barbadensis Miller) en Maxcanu, Yucatán /
Mención de responsabilidad, etc. Mario César Molina Pérez y Rafael Torres Cruz
264 ## - PRODUCCIÓN, PUBLICACIÓN, DISTRIBUCIÓN, FABRICACIÓN Y COPYRIGHT
Producción, publicación, distribución, fabricación y copyright Chapingo, México :
Nombre del de productor, editor, distribuidor, fabricante El autor,
Fecha de producción, publicación, distribución, fabricación o copyright 1993
300 ## - DESCRIPCIÓN FÍSICA
Extensión 133 hojas :
Otras características físicas ilustraciones, mapas, gráficas, diagramas, tablas, planos
336 ## - TIPO DE CONTENIDO
Fuente rdacontent
Término de tipo de contenido texto
Código de tipo de contenido txt
337 ## - TIPO DE MEDIO
Fuente rdamedia
Nombre/término del tipo de medio no mediado
Código del tipo de medio n
338 ## - TIPO DE SOPORTE
Fuente rdacarrier
Nombre/término del tipo de soporte volumen
Código del tipo de soporte nc
500 ## - NOTA GENERAL
Nota general Los planos están incluidos en el reporte.
502 ## - NOTA DE TESIS
Nota de tesis Tesis
Tipo de título (Ingeniero Agroindustrial) --
Nombre de la institución que otorga el título UACh. Departamento de Ingeniería Agroindustrial,
Año de obtención del título 1993
504 ## - NOTA DE BIBLIOGRAFÍA, ETC.
Nota de bibliografía, etc. Bibliografía: hojas 131-133
505 0# - NOTA DE CONTENIDO CON FORMATO
Nota de contenido con formato 2 planos: --<br/>1. Plano de distribución de áreas generales (Esc. 1:100) --<br/>2. Plano de distribución de áreas y equipos (Esc. 1:100)
520 3# - SUMARIO, ETC.
Sumario, etc. La situación productiva de Yucatán entró en crisis con la decadencia del cultivo del henequén y las opciones de diversificación impulsadas por el gobierno estatal han incluido el cultivo de la sábila. Este programa no ha funcionado debidamente por la dependencia de un solo comprador de sábila en el estado, BIOTIMEX S.A. de C.V. que ha provocado el estancamiento del precio del producto desde hace tres años y que la empresa imponga sus condiciones en cuanto a la comercialización. En la región de Maxcanú existe un Comité Regional de Productores de Sábila constituido por 33 grupos sociales (423 productores que cultivan 101.5 ha de sábila). Para los cuales se realizó un estudio de factibilidad técnico-económica para el establecimiento de una planta extractora y concentradora de gel de sábila. El estudio aborda el problema de comercialización y destino de las hojas de sábila que se producen en la región de Maxcanú y en general de las aproximadamente 410 hectáreas de sábila existentes en el estado. El tamaño de planta propuesto es de 10 toneladas de hoja por turno de ocho horas suficiente para captar el 100% de la producción agrícola de los socios. Se encontraron buenas ventas en los Estados Unidos y Europa, y suficiente disponibilidad de materia prima. El esquema de financiamiento para la instalación de la planta está basado en apoyos oficiales, del gobierno del estado a través de la Secretaría de Desarrollo Rural que aporta N$ 810. v00 y del gobierno federal a través del Fondo Nacional de Empresas en solidaridad que aporta N$ 1'075,440. Además participa un fondo Regional de Solidaridad con N$ 700.000 y la banca privada con N$ 553,811. La inversión total proyecto es de N$ 3,159.992 y la TIR del proyecto se ve favorecida por los bajos intereses y las obligaciones fiscales mínimas a que está sujetas las organizaciones. La TIR del proyecto es de 422.4%. El esquema de financiamiento hace posible que los productores administren la empresa y que se apropien de ella en un lapso de dos años. La participación de los productores en la inversión es casi nula, pero son dueños de fase de producción agrícola. La realización del proyecto depende de que las instituciones oficiales lo financien y de que la capacidad organizativa y administrativa de la organización social sea suficiente para desarrollarlo. El proyecto también puede ser desarrollado por la iniciativa privada. Se recomienda que se lleve a la práctica la instalación de la planta porque contribuye a aminorar varios problemas que se presentan en la zona: crearía fuentes de empleo, tanto para los que laboren directamente en la industria como los productores que abastezcan con materia prima; como consecuencia de lo anterior ayudaría a contrarrestar la migración; y de manera general, el proyecto contribuiría como impulsor del desarrollo regional de la zona.
650 13 - PUNTO DE ACCESO ADICIONAL DE MATERIA--TÉRMINO DE MATERIA
Término de materia o nombre geográfico como elemento de entrada Aloe vera
Subdivisión general Geles
-- Extracción
Fuente del encabezamiento o término atg
650 13 - PUNTO DE ACCESO ADICIONAL DE MATERIA--TÉRMINO DE MATERIA
Término de materia o nombre geográfico como elemento de entrada Aloe vera
Subdivisión general Geles
-- Concentración
Fuente del encabezamiento o término atg
650 13 - PUNTO DE ACCESO ADICIONAL DE MATERIA--TÉRMINO DE MATERIA
Término de materia o nombre geográfico como elemento de entrada Aloe vera
Subdivisión general Industria y comercio
Subdivisión geográfica México
-- Yucatán
Fuente del encabezamiento o término atg
650 13 - PUNTO DE ACCESO ADICIONAL DE MATERIA--TÉRMINO DE MATERIA
Término de materia o nombre geográfico como elemento de entrada Aloe vera
Subdivisión general Gels
-- Extraction
Fuente del encabezamiento o término atg
650 13 - PUNTO DE ACCESO ADICIONAL DE MATERIA--TÉRMINO DE MATERIA
Término de materia o nombre geográfico como elemento de entrada Aloe vera
Subdivisión general Gels
-- Concentrating
Fuente del encabezamiento o término atg
650 13 - PUNTO DE ACCESO ADICIONAL DE MATERIA--TÉRMINO DE MATERIA
Término de materia o nombre geográfico como elemento de entrada Aloe vera
Subdivisión general Industry and trade
Subdivisión geográfica Mexico
-- Yucatán
Fuente del encabezamiento o término atg
700 1# - PUNTO DE ACCESO ADICIONAL--NOMBRE DE PERSONA
Nombre de persona Torres Cruz, Rafael
Término indicativo de función/relación autor
700 1# - PUNTO DE ACCESO ADICIONAL--NOMBRE DE PERSONA
Nombre de persona Santoyo Cortés, Vinicio Horacio
Término indicativo de función/relación director
700 1# - PUNTO DE ACCESO ADICIONAL--NOMBRE DE PERSONA
Nombre de persona Rodríguez Canto, Adolfo
Término indicativo de función/relación asesor
700 1# - PUNTO DE ACCESO ADICIONAL--NOMBRE DE PERSONA
Nombre de persona García Chávez, Luis Ramiro
Término indicativo de función/relación asesor
901 ## - ELEMENTOS DE DATOS A LOCAL LDA (RLIN)
a TESIS M65 1993
942 ## - ELEMENTOS DE PUNTO DE ACCESO ADICIONAL (KOHA)
Tipo de ítem Koha TESIS
Fuente del sistema de clasificación o colocación Clasificación Universidad Autónoma Chapingo
902 ## - ELEMENTOS DE DATOS B LOCAL, LDB (RLIN)
a M
905 ## - ELEMENTOS DE DATOS E LOCAL, LDE (RLIN)
a 0000001993 mx A 0000000000spa00
Holdings
Estado de retiro Estado de pérdida Fuente del sistema de clasificación o colocación Estado dañado No para préstamo Código de colección Localización permanente Ubicación/localización actual Ubicación en estantería Fecha de adquisición Información codificada de la localización en otra ubicación Total de préstamos Código de barras En préstamo Fecha visto por última vez Fecha del último préstamo Número de copia Precio válido a partir de Tipo de ítem Koha Nota pública Restricciones de uso Fuente de adquisición Signatura topográfica completa
    Clasificación Universidad Autónoma de Chapingo     Tesis Ingenieria Agroindustrial Ingenieria Agroindustrial   18/01/2022 2 2 dia_TESIS 463 24/06/2024 20/10/2023 20/10/2023 2 18/01/2022 Tesis 3      
    Clasificación Universidad Autónoma de Chapingo     Tesis Ingenieria Agroindustrial Ingenieria Agroindustrial   07/10/2025     1101016071   02/02/2026   Ej. 2 07/10/2025 Tesis   Préstamo interno El autor Tesis M65 1993